000 00745nam a22002057a 4500
999 _c10346
_d10346
003 AR-CdUCM
008 190401b ||||| |||| 00| 0 spa d
040 _aMUNICIPALIDAD PROVINCIAL DEL CUSCO
_cBIBLIOTECA MUNICIPAL DEL CUSCO
082 _aES / 808.81 /
_bV15
100 _aValencia, Ulises
_927146
245 _aComo el mar crece tu recuerdo /
260 _aPerú :
_bEdiciones Acopia,
_c1997.
300 _a32 páginas ;
_c20 cm.
505 _aContenido: Este saludo particular como un abrazo -- Como el mar, crece tu recuerdo -- Como en la playa, un niño -- Hay un montón de cosas que se repiten...
650 _aPoemario
_91041
650 _aLiteratura escolar
_926679
650 _aPerú
_935
942 _2ddc
_cLIBROS
945 _adavv